| 000 | 01028nam a2200289 a 4500 | ||
|---|---|---|---|
| 001 | BRCA_8650 | ||
| 005 | 20190320210345.0 | ||
| 008 | 041016s1922----mx-a######---#000-0#spa-# | ||
| 041 | _aspa | ||
| 044 | _amx | ||
| 050 | 4 |
_aNK4340.T3 _p.H64 _c1922 |
|
| 100 | 1 |
_aHoffmann, Carlos C. _97286 |
|
| 245 | 1 | 0 |
_aVerdades y errores acerca de la Talavera poblana _cPor el profesor Carlos C. Hoffmann. |
| 260 |
_aMéxico _bImprenta de la Secretaría de Gobernación _c1922 |
||
| 300 |
_a630 p. _bil. _c22 cm |
||
| 440 | 0 |
_aMémoires/Sociedad Científica Antonio Alzate _v40 _921581 |
|
| 500 | _aFondo antiguo | ||
| 500 | _aSe encuentra en Caja Fuerte | ||
| 500 | _aA-27 | ||
| 500 | _aCon Ex-libris de: Franz Mayer | ||
| 500 | _aIncluye 6 láminas con figuras | ||
| 500 | _aNota de encuadernación: Rústica, desprendida de las tapas, hojas sueltas | ||
| 506 | 0 | _aFondo reservado: para su consulta es necesario credencial de usuario y carta de motivos | |
| 650 | 1 | 4 |
_aAlfarería _zPuebla _921582 |
| 902 | _aLAR | ||
| 942 |
_2lcc _cB |
||
| 999 |
_c8309 _d8309 |
||